Manual de direito financeiro / (Record no. 484)

MARC details
000 -LÍDER
Campo Fixo de Controle 00778nam a2200265 a 4500
001 - NÚMERO DE CONTROLE
Campo de Controle 484
003 - IDENTIFICAÇÃO DO NÚMERO DE CONTROLE
Campo de Controle BR-CuiBMT
005 - DATA E HORA DA ÚLTIMA ATUALIZAÇÃO
Campo de Controle 20231107220418.0
008 - DADOS FIXOS
Dados Fixos 231107s1999 spb 000 0 por d
020 ## - INTERNATIONAL STANDARD BOOK NUMBER
Nº do ISBN 8520317286
040 ## - AGÊNCIA CATALOGADORA
Código da Agência Catalogadora BR-CuiBMT
Agência que transcreveu o registro BR-CuiBMT
080 ## - Nº DA CLASSIFICAÇÃO DECIMAL UNIVERSAL
Nº edição CDU 2007
Nº Class. CDU 34:336.2
090 ## - NÚMERO DE CHAMADA
Nº classificação 34:336.2
Cutter O48m
Ano/Edição 3. ed.
100 1# - ENTRADA PRINCIPAL -- AUTOR PESSOAL
Nome pessoal Oliveira, Regis Fernandes de,
Datas associadas ao nome 1944-
245 0# - TÍTULO PRINCIPAL
Título principal Manual de direito financeiro /
Indicação de responsabilidade Régis Fernandes de Oliveira, Estevão Horvath.
250 ## - EDIÇÃO
Edição 3. ed., rev. e ampl.
260 ## - PUBLICAÇÃO, DISTRIBUIÇÃO, ETC.
Local de publicação São Paulo :
Editora Revista dos tribunais,
Data 1999.
300 ## - DESCRIÇÃO FÍSICA
N. páginas ou volumes 150 p.:
Dimensões 22 cm
504 ## - NOTA DE BIBLIOGRAFIA, ETC.
Nota de bibliografia Inclui bibliografia.
650 ## - ASSUNTO TÓPICO
Cabeçalho tópico ou nome geográfico Direito financeiro
650 ## - ASSUNTO TÓPICO
Cabeçalho tópico ou nome geográfico Finança pública
650 ## - ASSUNTO TÓPICO
Cabeçalho tópico ou nome geográfico Orçamentário
700 ## - ENTRADA SECUNDÁRIA -- NOME PESSOAL
Nome pessoal Horvath, Estevão
942 ## - ELEMENTOS DE ENTRADA ADICIONAIS (KOHA)
Fonte de classificação ou esquema de arquivamento Classificação Decimal Universal
Tipo de item do Koha Livros
Holdings
Estado: removido Estado: perdido Fonte de classificação ou esquema de arquivamento Estado: danificado Indisponível para empréstimo Localização permanente Localização atual Data de aquisição Total Checkouts Número de Chamada completo Código de barras Date last seen Número do exemplar Preço efetivo a partir de Tipo de item (Koha)
    Classificação Decimal Universal     Biblioteca da Escola Superior de Contas do TCE/MT Biblioteca da Escola Superior de Contas do TCE/MT 07/11/2023   34:336.2 O48m BIBTCEMT23110242 07/11/2023 Ex. 1 07/11/2023 Livros

Powered by Koha